000 00758nam a2200229Ia 4500
003 GCL
008 140319s9999 xx 000 0 ara d
040 _aGCL /
_cGCL
082 0 4 _a965.02
_bن ا
100 1 _aنبيل احمد بلاسى
245 1 0 _aالاتجاة العربى والاسلامى ودوره فى تحرير الجزائر /
_cنبيل احمد بلاسى
260 _a[S.N] :
_bالهيئة المصرية العامة للكتاب ،
_c1990
300 _a271 ص
490 _a
650 0 4 _aالاستقلال
650 0 4 _aالتاريخ
650 0 4 _aالجزائر
650 0 4 _aالاستعمار الفرنسى
650 0 4 _aالاحتلال الفرنسى
650 0 4 _aالفتح الاسلامى
942 _2ddc
_cBK
999 _c30529
_d30529